El guali / (Registro nro. 15531)

Detalles MARC
000 -LEADER
fixed length control field 01086nam a22002417a 4500
003 - CONTROL NUMBER IDENTIFIER
control field OSt
005 - DATE AND TIME OF LATEST TRANSACTION
control field 20210407125424.0
008 - FIXED-LENGTH DATA ELEMENTS--GENERAL INFORMATION
fixed length control field 210407q1999 ck ao||gr|||| 00| 0dspa d
040 ## - CATALOGING SOURCE
Original cataloging agency CO-JMCR
Transcribing agency CO-JMCR
041 0# - LANGUAGE CODE
Language code of text/sound track or separate title spa
082 04 - DEWEY DECIMAL CLASSIFICATION NUMBER
Classification number 394.0986127 /
Item number M843g
Edition number 23
100 1# - MAIN ENTRY--PERSONAL NAME
Personal name Moreno Mosquera, Antonio Wilson,
Relator term autor
9 (RLIN) 36695
245 13 - TITLE STATEMENT
Title El guali /
Statement of responsibility, etc. Antonio Wilson Moreno Mosquera
260 ## - PUBLICATION, DISTRIBUTION, ETC.
Place of publication, distribution, etc. Medellín :
Name of publisher, distributor, etc. [s.n.]
Date of publication, distribution, etc. [1999?]
300 ## - PHYSICAL DESCRIPTION
Extent 106 páginas :
Other physical details ilustraciones y fotografías a blanco y negro ;
Dimensions 24 cm.
500 ## - GENERAL NOTE
General note Incluye datos biográficos del autor.
504 ## - BIBLIOGRAPHY, ETC. NOTE
Bibliography, etc. note Bibliografía: páginas 102-105
505 0# - FORMATTED CONTENTS NOTE
Formatted contents note Elementos teóricos y aspectos generales -- Área geolingüística -- Etnohistoria y sociedad -- Descripción del ceremonial -- Área verbal y variación discursiva -- Variación discursiva -- Voces regionales y afroamericanismos
650 14 - SUBJECT ADDED ENTRY--TOPICAL TERM
Topical term or geographic name entry element Comunidades indígenas
General subdivision Condiciones económicas
9 (RLIN) 36681
650 24 - SUBJECT ADDED ENTRY--TOPICAL TERM
Topical term or geographic name entry element Comunidades indígenas
General subdivision Condiciones sociales
9 (RLIN) 36682
650 24 - SUBJECT ADDED ENTRY--TOPICAL TERM
Topical term or geographic name entry element Comunidades indígenas
General subdivision Aspectos políticos
9 (RLIN) 36683
942 ## - ADDED ENTRY ELEMENTS (KOHA)
Source of classification or shelving scheme Dewey Decimal Classification
Koha item type Books
Existencias
Withdrawn status Lost status Source of classification or shelving scheme Damaged status Not for loan Collection code Home library Current library Date acquired Source of acquisition Total Checkouts Full call number Barcode Date last seen Date last checked out Copy number Price effective from Koha item type
    Dewey Decimal Classification     Non-fiction Biblioteca Pública José María del Castillo y Rada Biblioteca Pública José María del Castillo y Rada 10/02/2020 Donación 1 394.0986127 / M843g 201811034 05/16/2024 04/03/2024 Ej.1 04/07/2021 Books